Szczegóły MARC
| 000 -Nagłówek |
| fixed length control field |
01913cam a2200505 i 4500 |
| 001 - Nr kontrolny bibl., która utworzyła rek. |
| control field |
zz2003980366 |
| 003 - Siglum bibl., której nr kontr. jest w 001 |
| control field |
NUKAT |
| 005 - Data i czas ostatniej operacji |
| control field |
20260429231812.0 |
| 008 - Elementy pola stałej długości |
| fixed length control field |
030527s1930 pl a |001 0 pol c |
| 035 ## - Systemowy numer kontrolny |
| systemowy numer kontrolny |
(OCoLC)1412092162 |
| 035 ## - Systemowy numer kontrolny |
| systemowy numer kontrolny |
(NUKAT)zz2003980366 |
| 040 ## - Instytucja sporządzająca opis |
| Instytucja, która sporządziła opis |
GD U/MZ |
| język katalgowania-trzyzn. kod |
pol |
| zasady opisu |
rda |
| Instytucja, która sporządziła rekord |
GD U/MZ |
| Instytucja, która zmodyfikowała rekord |
GD U/MZ |
| -- |
GD U/KMs |
| -- |
GD U/as |
| -- |
LUBL M/JD |
| -- |
BSTOK U/EB |
| -- |
OLSZT 008/AL |
| 045 2# - Okres czasu dla zawartości |
| czas między r. 9999 pne a nasz. czas. |
d1830 |
| -- |
d1831 |
| 046 ## - Kod rodz. daty, data1, data2 (daty pne) |
| Begin/single date |
1930 |
| 100 1# - Hasło główne-nazwa osobowa |
| Nazwa osobowa |
Tokarz, Wacław |
| Daty biograficzne |
(1873-1937). |
| rodzaj współpracy |
Autor |
| 9 (RLIN) |
2640 |
| 245 10 - Tytuł właściwy i oznaczenie odpow. |
| tytuł |
Wojna polsko-rosyjska : |
| dodatek do tytułu |
1830 i 1831 : z atlasem / |
| dod. inf. ze s. tyt./ozn. odpow. |
Wacław Tokarz. |
| 260 ## - Adres wydawniczy |
| miejsce wydania, dystrybucji itp. |
Warszawa : |
| nazwa wydawcy, dystrybutora itp. |
Wojskowy Instytut Naukowo-Wydawniczy, |
| data wydania, dystrybucji itp. |
1930. |
| 300 ## - Opis fizyczny |
| objętość i/lub forma materiału |
XXXII, 635 strony : |
| inne szczegóły opisu fizycznego |
errata ; |
| format |
25 cm |
| materiał towarzyszący |
+ Atlas : [62] karty tablic ; 27 cm. |
| 336 ## - Content Type |
| Term |
Tekst |
| Code |
txt |
| Source |
rdacontent |
| 337 ## - Media Type |
| Term |
Bez urządzenia pośredniczącego |
| Code |
n |
| Source |
rdamedia |
| 338 ## - Carrier Type |
| Term |
Wolumin |
| Code |
nc |
| Source |
rdacarrier |
| 380 ## - Form of work |
| Form of work |
Książki |
| 380 ## - Form of work |
| Form of work |
Publikacje naukowe |
| 388 1# - TIME PERIOD OF CREATION |
| Time period of creation term |
1901-2000 |
| 388 1# - TIME PERIOD OF CREATION |
| Time period of creation term |
1918-1939 |
| 504 ## - Uwaga o bibliografii |
| uwaga o bibliografii |
Indeks. |
| 530 ## - Uwaga o dod. formie fiz. materiału |
| uwaga o dodatkowej fizycznej formie dokumentu |
Dostępne również w formie elektronicznej. |
| 610 27 - Hasło przedmiotowe-nazwa ciała zbior. |
| nazwa ciała zbior. lub geogr. |
Armia Carska |
| źródło hasła |
DBN |
| 9 (RLIN) |
40958 |
| 610 27 - Hasło przedmiotowe-nazwa ciała zbior. |
| nazwa ciała zbior. lub geogr. |
Wojsko Królestwa Polskiego |
| źródło hasła |
DBN |
| 9 (RLIN) |
40959 |
| 648 #7 - SUBJECT ADDED ENTRY--CHRONOLOGICAL TERM |
| Chronological term |
1801-1900 |
| Source of heading or term |
DBN |
| 9 (RLIN) |
36037 |
| 650 #7 - Hasło przedmiotowe-nazwa pospolita |
| nazwa pospolita lub geogr. |
Bitwy |
| źródło hasła |
DBN |
| 9 (RLIN) |
39932 |
| 650 #7 - Hasło przedmiotowe-nazwa pospolita |
| nazwa pospolita lub geogr. |
Powstanie listopadowe (1830-1831) |
| źródło hasła |
DBN |
| 9 (RLIN) |
35116 |
| 650 #7 - Hasło przedmiotowe-nazwa pospolita |
| nazwa pospolita lub geogr. |
Sztuka wojenna |
| źródło hasła |
DBN |
| 9 (RLIN) |
36976 |
| 651 #7 - Hasło przedmiotowe-nazwa geogr. |
| nazwa geograficzna |
Królestwo Polskie (1815-1915) |
| źródło hasła |
DBN |
| 9 (RLIN) |
39253 |
| 651 #7 - Hasło przedmiotowe-nazwa geogr. |
| nazwa geograficzna |
Rosja |
| źródło hasła |
DBN |
| 9 (RLIN) |
36145 |
| 651 #7 - Hasło przedmiotowe-nazwa geogr. |
| nazwa geograficzna |
Polska |
| określnik chronologiczny |
1830-1831 (Powstanie Listopadowe) |
| określnik rzeczowy |
kampanie i bitwy. |
| źródło hasła |
kaba |
| 9 (RLIN) |
35542 |
| 655 #7 - Termin określający rodzaj/formę |
| rodzaj/forma |
Monografia |
| źródło terminu |
DBN |
| 9 (RLIN) |
35240 |
| 658 ## - Nazwa określająca cel programu nauczania |
| główny cel programu nauczania |
Bezpieczeństwo i wojskowość |
| 658 ## - Nazwa określająca cel programu nauczania |
| główny cel programu nauczania |
Historia |
| 710 2# - Hasło dodatkowe - nazwa ciała zbior. |
| nazwa ciała zbior. lub nazwa geogr. |
Wojskowy Instytut Naukowo-Wydawniczy. |
| rodzaj współpracy |
Wydawca |
| kod rodzaju współpracy |
pbl |
| 9 (RLIN) |
12843 |
| 856 41 - Elektroniczne źródła danych i spos. dost. |
| URL (Uniform Resource Locator) |
<a href="http://pbc.biaman.pl/dlibra/docmetadata?id=8857">http://pbc.biaman.pl/dlibra/docmetadata?id=8857</a> |
| 856 41 - Elektroniczne źródła danych i spos. dost. |
| URL (Uniform Resource Locator) |
<a href="https://delibra.bg.polsl.pl/publication/65406">https://delibra.bg.polsl.pl/publication/65406</a> |
| 856 41 - Elektroniczne źródła danych i spos. dost. |
| URL (Uniform Resource Locator) |
<a href="https://delibra.bg.polsl.pl/publication/65407">https://delibra.bg.polsl.pl/publication/65407</a> |
| 942 ## - ADDED ENTRY ELEMENTS (KOHA) |
| Source of classification or shelving scheme |
Dewey Decimal Classification |
| Koha item type |
pozycje dostępne na miejscu |